Top 4 Copa del Rey / Spanish Cup - Statistics

General Stats
  • This quiz has been taken 258 times
  • The average score is 405 of 487
Answer Stats
Hint Answer % Correct
FC Barcelona
100%
Real Madrid
100%
Atlético de Madrid
97%
Valencia CF
97%
1902 | 1903 | 1904 | +22 others Athletic Bilbao
95%
Real Betis
95%
Sevilla
92%
Real Sociedad
91%
Villarreal CF
88%
Mallorca
87%
Deportivo de La Coruña
83%
Espanyol
80%
Real Zaragoza
80%
CD Málaga
78%
Osasuna
78%
Celta de Vigo
76%
Girona FC
75%
Getafe
74%
Alavés
69%
UD Las Palmas
69%
Levante UD
66%
Real Valladolid
64%
Granada CF
63%
Rayo Vallecano
62%
Sporting de Gijón
61%
Real Oviedo
58%
CD Tenerife
55%
Elche CF
53%
Leganés
53%
Cádiz CF
52%
UD Almería
50%
Racing de Santander
49%
Recreativo de Huelva
47%
Real Murcia
45%
Córdoba CF
43%
Albacete Balompié
38%
Castellón
38%
Arenas de Getxo
37%
CD Mirandés
36%
Sabadell
33%
Real Unión de Irún
31%
Recreativo de Huelva
31%
Hércules
30%
CD Europa
28%
UD Salamanca
26%
Gimnástic de Tarragona
20%
Castilla
18%
Español de Madrid
14%
Racing de Ferrol
12%
FC España
11%
CD Barakaldo
9%
UE Figueres
5%
Hamilton FC
4%
Español de Madrid
3%
Moncloa
3%
CD Logroño
2%
Madrid-Moderno FC
2%
Gimnástica Española
1%
No matching quizzes found
Score Distribution
Percent of People with Each Score
Percentile by Number Answered
Your Score History
You have not taken this quiz